ბათუმის შოთა რუსთაველის სახელმწიფო უნივერსიტეტის ბიბლიოთეკა

ხეთოლოგიური და ქართველოლოგიური ძიებანი / (ბიბ.ჩანაწერი № 60393)

000 -ლიდერი
ფიქსირებული სიგრძის საკონტროლო ველი 01404nam a22002417a 4500
003 - საკონტროლო ნომრის იდენტიფიკატორი
საკონტროლო ველი Ge_BSU
005 - ბოლო ოპერაციის თარიღი და დრო
საკონტროლო ველი 20230711132701.0
008 - ფიქსირებული სიგრძის მონაცემთა ელემენტები - ზოგადი ინფორმაცია
ფიქსირებული სიგრძის საკონტროლო ველი 230711s1999ge xxu||||| |||| 00| 0 geo d
020 ## - წიგნის საერთაშორისო სტანდარტული ნომერი
International Standard Book Number 9992865520
041 ## - ენის კოდი
Language code of text/sound track or separate title geo
080 ## - უნივერსალური ათობითი კლასიფიკაციის ინდექსი
Universal Decimal Classification number 94(394.55) გ-51
100 ## - მთავარი ჩანაწერი - პიროვნების სახელი
Personal name გიორგაძე, გრიგოლ, ავტორი.
9 (RLIN) 19236
245 ## - ცნობა სათაურის შესახებ
Title ხეთოლოგიური და ქართველოლოგიური ძიებანი /
Statement of responsibility, etc გრიგოლ გიორგაძე ; [რედ: მ. ინაძე, ი. ტატიშვილი].
264 ## - წარმოების, გამოცემის, დისტრიბუციის და სხვა ცნობები
გამოცემის, წარმოების, დისტრიბუციის... ადგილი თბილისი :
გამოცემის, წარმოების, დისტრიბუციის... სახელწოდება ლოგოსი,
გამოცემის, წარმოების, დისტრიბუციის... თარიღი 1999.
300 ## - ფიზიკური აღწერა
Extent 218გვ . ;
Other physical details 24 სმ.
504 ## - BIBLIOGRAPHY, ETC. NOTE
Bibliography, etc ბიბლიოგრ. ტექსტის შენიშვნ.
546 ## - LANGUAGE NOTE
Language note თავფ. ქართ. და ინგლ. ენ.
ტექსტი ქართ., ინგლ., რუს. და გერმ. ენ.
653 ## - INDEX TERM--UNCONTROLLED
Uncontrolled term ხეთების ისტორია. საქართველოს ისტორია. ხეთური რელიგია. ხეთური კულტურა. ქართული კულტურის ისტორია.
700 ## - ADDED ENTRY--PERSONAL NAME
Personal name ინაძე, მ
Relator term რედაქტორი
9 (RLIN) 18746
700 ## - ADDED ENTRY--PERSONAL NAME
Personal name ტატიშვილი, ი
Relator term რედაქტორი
9 (RLIN) 3867
856 ## - ELECTRONIC LOCATION AND ACCESS
Uniform Resource Identifier
942 ## - ADDED ENTRY ELEMENTS (KOHA)
Source of classification or shelving scheme
Koha item type წიგნი
ეგზემპლარები
ჩამოწერის სტატუსი დაკარგული ეგზემპლარის სტატუსი კლასიფიკაციის წყარო ან თაროზე გაწყობის სქემა დაზიანების სტატუსი არ გაიცემა მუდმივი მდებარეობა (დაცვის ადგილი) ამჟამინდელი ადგილსამყოფელი თაროზე განთავსების ადგილი შეძენის თარიღი ღირებულება, შესყიდვის ნორმალური ფასი სრული შენახვის შიფრი შტრიხკოდი ბოლო ოპერაციის თარიღი ეგზემპლარის მიმდევრობითი ნომერი (კეტერი?) Uniform Resource Identifier ფასის ძალაში შესვლის თარიღი ეგზემპლარის სახეობა საჯარო შენიშვნა
          ბათუმის შოთა რუსთაველის სახელმწიფო უნივერსიტეტის მთავარი ბიბლიოთეკა ბათუმის შოთა რუსთაველის სახელმწიფო უნივერსიტეტის მთავარი ბიბლიოთეკა წიგნსაცავი 2023-07-11 7.00 94(394.55) გ-51 64930 2023-07-11 64930 ბსუ-ს საპატიო დოქტორის გურამ ლორთქიფანიძის საჩუქარი 2023-07-11 წიგნი 7.00